000 01088cam a2200289 a 4500
942 _cBK
999 _c703
_d703
001 14773952
003 OSt
005 20250420134822.0
008 070319s2007 maua 000 0 eng
010 _a 2007272894
020 _a9781413020533 (pbk. : student's bk.)
040 _aDLC
_cDLC
_dKCST
082 _a428.24
_bWi En
100 1 _aWilliams, Ivor.
_95377
245 1 0 _aEnglish for science and engineering /
_cIvor Williams.
260 _aBoston, Mass. :
_bThomson,
_cc2007.
300 _avi, 106 p. :
_bill. ;
_c28 cm.
490 0 _aProfessional English
520 8 _a"Suitable for university students and professionals specializing or working in any of the fields of science or engineering."--Cover p. 4.
650 0 _aEnglish language
_vTextbooks for foreign speakers.
_94734
650 0 _aEnglish language
_xTechnical English
_vProblems, exercises, etc.
_95378
650 0 _aEngineering
_xTerminology.
_95379
650 0 _aScience
_vTerminology.
_95380
856 4 1 _3Table of contents only
_uhttp://www.loc.gov/catdir/toc/fy0713/2007272894.html
942 _2ddc